|
|
|
|
| LEADER |
00945cam a2200241 7i4500 |
| 001 |
0000065728 |
| 005 |
20220119090000.0 |
| 020 |
|
|
|a 9781617296239 (electronic book)
|
| 090 |
0 |
0 |
|a QA76.73.P98
|b W65 2019
|
| 100 |
1 |
|
|a Wolohan, J. T
|
| 245 |
1 |
0 |
|a Mastering large datasets with Python :
|b parallelize and distribute your Python code
|c J.T. Wolohan.
|
| 264 |
|
|
|a Shelter Island, NY:
|b Manning Publications,
|c 2019.
|
| 300 |
|
|
|a 1 online resource (xx, 289 pages):
|b illustrations, text file, PDF.
|
| 336 |
|
|
|a text
|2 rdacontent
|
| 337 |
|
|
|a computer
|2 rdamedia
|
| 338 |
|
|
|a online resource
|2 rdacarrier
|
| 650 |
|
0 |
|a Big data
|
| 650 |
|
0 |
|a Python (Computer program language)
|
| 655 |
|
0 |
|a Electronic books
|
| 856 |
4 |
2 |
|u http://library.unisel.edu.my/web/guest/mylibrary
|
| 997 |
|
|
|a Communication, Visual Art & Computing, Faculty
|b Computing, Department
|
| 998 |
|
|
|a Computer Science, Degree
|
| 999 |
|
|
|a EBO0010355
|b EBOOK
|c EBOOK
|e Electronic resources
|